|
|
|
|
| LEADER |
00000nab a2200000 a 4500 |
| 001 |
vtls000138323 |
| 003 |
SK-MaSNL |
| 005 |
20260304062041.0 |
| 008 |
250422c1982 xo 0 slo |
| 015 |
|
|
|a SNBRB19rr/mm-uuuuu
|
| 035 |
|
|
|a CL0148429
|
| 035 |
|
|
|a urn:nbn:sk:snk-ab1t51
|
| 035 |
|
|
|a (urnnbn)urn:nbn:sk:snk:ar-a00vvm
|
| 035 |
|
|
|a (uuid)a3df388c-0935-4f62-9060-2565254fca46
|
| 040 |
|
|
|a SNKBUCL
|b slo
|c SNKBUCL
|e AACR2
|
| 041 |
0 |
|
|a slo
|
| 044 |
|
|
|a xo
|c SK
|
| 080 |
|
|
|a 78.071
|2 1981
|
| 080 |
|
|
|a 782
|2 1981
|
| 080 |
|
|
|a 929 Obrazcovová, Jelena
|2 1981
|
| 100 |
1 |
|
|a Ursínyová, Terézia,
|d 1942-
|4 aut
|9 103725
|
| 245 |
1 |
0 |
|a Svetová Eboli
|c Terézia Ursínyová
|
| 300 |
|
|
|b Obr. 1.
|
| 600 |
1 |
7 |
|a Obrazcova, Jelena Vasil'jevna,
|d 1939-2015
|2 snkbucl
|9 171812
|
| 655 |
|
7 |
|a články z novín a časopisov
|2 snkbucl
|9 267496
|
| 773 |
0 |
|
|t Hudobný život
|g Roč. 14, č. 22 (1982), s. 5
|
| 850 |
|
|
|a Slovenská národná knižnica
|
| 852 |
|
|
|a Slovenská národná knižnica
|
| 954 |
|
|
|a odborná, vedecká literatúra pôvodná (slovenská)
|2 lita
|
| 958 |
|
|
|a article27
|
| 958 |
|
|
|a OND
|
| 958 |
|
|
|a RK
|
| 958 |
|
|
|a RU
|
| 958 |
|
|
|a EUIPO
|
| 992 |
|
|
|a RBX
|
| 999 |
|
|
|c 2736255
|d 2738185
|